LEADER 01800oam 2200445M 450 001 9910716239803321 005 20200213070517.4 035 $a(CKB)5470000002519728 035 $a(OCoLC)1065799003 035 $a(OCoLC)995470000002519728 035 $a(EXLCZ)995470000002519728 100 $a20071213d1926 ua 0 101 0 $aeng 135 $aurcn||||||||| 181 $ctxt$2rdacontent 182 $cc$2rdamedia 183 $acr$2rdacarrier 200 10$aIncrease the clothing and cash gratuity furnished to persons discharged from prisons. May 14, 1926. -- Committed to the Committee of the Whole House on the State of the Union and ordered to be printed 210 1$a[Washington, D.C.] :$c[U.S. Government Printing Office],$d1926. 215 $a1 online resource (2 pages) 225 1 $aHouse report / 69th Congress, 1st session. House ;$vno. 1208 225 1 $a[United States congressional serial set ] ;$v[serial no. 8534] 300 $aBatch processed record: Metadata reviewed, not verified. Some fields updated by batch processes. 300 $aFDLP item number not assigned. 606 $aClothing and dress 606 $aLegislative amendments 606 $aPrisoners 608 $aLegislative materials.$2lcgft 615 0$aClothing and dress. 615 0$aLegislative amendments. 615 0$aPrisoners. 701 $aGraham$b George Scott$f1850-1931$pRepublican (PA)$01386798 801 0$bWYU 801 1$bWYU 801 2$bOCLCO 801 2$bOCLCQ 906 $aBOOK 912 $a9910716239803321 996 $aIncrease the clothing and cash gratuity furnished to persons discharged from prisons. May 14, 1926. -- Committed to the Committee of the Whole House on the State of the Union and ordered to be printed$93502549 997 $aUNINA LEADER 02868nam 2200661 450 001 9910808566703321 005 20230808212351.0 010 $a1-118-94196-9 010 $a1-118-94197-7 035 $a(CKB)3710000000493561 035 $a(EBL)4040062 035 $a(SSID)ssj0001569108 035 $a(PQKBManifestationID)16221007 035 $a(PQKBTitleCode)TC0001569108 035 $a(PQKBWorkID)13664789 035 $a(PQKB)10631983 035 $a(PQKBManifestationID)14564599 035 $a(PQKBWorkID)14036627 035 $a(PQKB)21604084 035 $a(MiAaPQ)EBC4040062 035 $a(DLC) 2015035117 035 $a(Au-PeEL)EBL4040062 035 $a(CaPaEBR)ebr11113394 035 $a(CaONFJC)MIL845041 035 $a(OCoLC)929527657 035 $a(EXLCZ)993710000000493561 100 $a20160112h20162016 uy 0 101 0 $aeng 135 $aur|n|---||||| 181 $ctxt 182 $cc 183 $acr 200 10$aGlobal displacements $ethe making of uneven development in the Caribbean /$fMarion Werner 210 1$aChichester, England ;$aMalden, Massachusetts :$cWiley-Blackwell,$d2016. 210 4$dİ2016 215 $a1 online resource (222 p.) 225 1 $aAntipode Book Series 300 $aDescription based upon print version of record. 311 $a1-118-94199-3 320 $aIncludes bibliographical references and index. 327 $aMachine generated contents note: List of Abbreviations List of Figures and Tables Acknowledgements 1. Introduction: Power and difference in global production 2. Two stories of Caribbean development: Garments-as-globalization and garments-as-regional entrepreneurialism 3. From manufactura to mentefactura? Gender and industrial restructuring in the Dominican Republic 4. Embodied negotiations: Geographies of work after trade zones 5. Reworking coloniality through the Haitian-Dominican Border 6. Haiti, the global factory and the politics of reconstruction 7. Unsettling dominant crisis narratives of the Caribbean 8. Conclusion Bibliography Index . 330 $a"Challenging the main ways we debate globalization, this book reveals how uneven geographies of capitalist development shape--and are shaped by--the aspirations and everyday struggles of people in the global South"--$cProvided by publisher. 410 0$aAntipode book series. 606 $aClothing trade$zCaribbean Area 606 $aGlobalization$zCaribbean Area 607 $aCaribbean Area$xEconomic conditions$xRegional disparities 615 0$aClothing trade 615 0$aGlobalization 676 $a338.9729 686 $aSCI030000$2bisacsh 700 $aWerner$b Marion$01709518 801 0$bMiAaPQ 801 1$bMiAaPQ 801 2$bMiAaPQ 906 $aBOOK 912 $a9910808566703321 996 $aGlobal displacements$94099325 997 $aUNINA